Dragon Ball Super Universe 7 Team - Statistics

General Stats
  • This quiz has been taken 1,288 times
  • The average score is 5 of 5
Answer Stats
Hint Fighter % Correct
Low-Class Saiyan from Earth Son Goku
100%
The Prince of All Saiyans Vegeta
100%
Namekian Warrior Piccolo
98%
Pink, Best Friend of Mr.Satan Majin Buu
90%
Is the Strongest Fighter Beerus has Ever Fought. Monaka
63%
No matching quizzes found
Score Distribution
Percent of People with Each Score
Percentile by Number Answered
Your Score History
You have not taken this quiz